[Event "Nakhchivan Open 2016"]
[Site "Nakhchivan AZE"]
[Date "2016.05.14"]
[Round "5.20"]
[White "Hojjatova, Aydan"]
[Black "Ibrahimova, Sabina"]
[Result "1-0"]
[WhiteTitle "WFM"]
[BlackTitle "WIM"]
[WhiteElo "2300"]
[BlackElo "2184"]
[WhiteFideId "13401491"]
[BlackFideId "13403893"]
[EventDate "2016.05.10"]

1. e4 c5 2. Nf3 Nc6 3. Bb5 g6 4. Bxc6 dxc6 5. d3 Bg4 6. h3 Bxf3 7. Qxf3 Bg7 8.
O-O e5 9. Be3 Qe7 10. a3 Nf6 11. Nd2 O-O 12. b4 Nd7 13. Nb3 cxb4 14. axb4 f5 15.
Nc5 Nb6 16. Nb3 Nd7 17. Na5 f4 18. Bxa7 Rxa7 19. Nxc6 bxc6 20. Rxa7 Qd6 21. Rfa1
Rb8 22. c3 h5 23. Qd1 Nf8 24. Qb3+ Ne6 25. Qc4 Kh8 26. R1a6 Nd8 27. b5 cxb5 28.
Rxd6 bxc4 29. Rad7 Rb1+ 30. Kh2 Nb7 31. Rc6 cxd3 32. Rc8+ Kh7 33. Rcc7 d2 34.
Rxd2 1-0

[Event "Nakhchivan Open 2016"]
[Site "Nakhchivan AZE"]
[Date "2016.05.14"]
[Round "5.21"]
[White "Mammadova, Narmin"]
[Black "Bayramov, Zaur"]
[Result "0-1"]
[WhiteTitle "WIM"]
[WhiteElo "2183"]
[BlackElo "2241"]
[WhiteFideId "13403710"]
[BlackFideId "13405080"]
[EventDate "2016.05.10"]

1. e4 g6 2. d4 Bg7 3. Nf3 d6 4. Bd3 Nc6 5. c3 e5 6. dxe5 Nxe5 7. Nxe5 dxe5 8.
O-O Nf6 9. Qc2 O-O 10. Nd2 Qe7 11. a4 Rd8 12. Re1 a5 13. Bf1 b6 14. Nc4 Ba6 15.
b3 Qe8 16. Bg5 h6 17. Bh4 Qe6 18. Ne3 Bxf1 19. Rxf1 Rd7 20. Bxf6 Bxf6 21. Rad1
Rad8 22. Rxd7 Rxd7 23. Rd1 Be7 24. Nd5 Kg7 25. Kf1 Bc5 26. b4 Be7 27. b5 Bc5 28.
c4 Rd8 29. Kg1 Rc8 30. Kh1 c6 31. bxc6 Rxc6 32. Rf1 Bd4 33. Qd3 Qd6 34. f4 Qc5
35. fxe5 Bxe5 36. Qf3 f6 37. Qg4 Qd6 38. Ne3 Qe6 39. Qe2 h5 40. Nd5 Qg4 41. Qd3
Qh4 42. h3 Qg3 43. Qxg3 Bxg3 44. Rc1 Re6 45. Kg1 Rxe4 46. Kf1 h4 47. Nxb6 Rf4+
48. Ke2 Rf2+ 49. Kd3 Rxg2 50. c5 Rh2 51. c6 Rxh3 52. Kc4 Rh2 53. Rd1 Rc2+ 54.
Kb5 h3 55. Nc4 h2 56. Ne3 Re2 57. Ng4 f5 58. Rd7+ Kf8 59. Nxh2 Bxh2 60. c7 Bxc7
61. Rxc7 Re5+ 62. Kc6 f4 63. Kd6 Rf5 0-1

[Event "Nakhchivan Open 2016"]
[Site "Nakhchivan AZE"]
[Date "2016.05.14"]
[Round "5.22"]
[White "Suleymanli, Aydin"]
[Black "Balajayeva, Khanim"]
[Result "0-1"]
[WhiteTitle "CM"]
[BlackTitle "WFM"]
[WhiteElo "2091"]
[BlackElo "2180"]
[WhiteFideId "13413937"]
[BlackFideId "13406396"]
[EventDate "2016.05.10"]

1. d4 e6 2. c4 f5 3. Nc3 Nf6 4. e3 b6 5. Bd3 Bb7 6. f3 Nh5 7. Nge2 Qh4+ 8. g3
Qh3 9. Kf2 Nf6 10. e4 fxe4 11. Nf4 Qf5 12. g4 Qa5 13. Nxe4 Nxe4+ 14. Bxe4 Bxe4
15. fxe4 Be7 16. Rf1 Qb4 17. Qb3 Qd6 18. Be3 Nc6 19. e5 Qb4 20. Nd3 Qxb3 21.
axb3 Na5 22. Nc1 h5 23. gxh5 Rxh5 24. Kg2 O-O-O 25. Rf3 Rdh8 26. h3 g5 27. Bg1
Rh4 28. Ne2 g4 29. hxg4 Rxg4+ 30. Ng3 Bh4 31. Bf2 Rhg8 32. Rd1 Re4 33. Kf1 Bxg3
34. Bxg3 Nc6 35. Bf2 Rh8 36. Rd2 Rg4 37. Ke2 Rh2 38. Rf8+ Kb7 39. Kf3 Rgg2 40.
Ke3 Ne7 41. Rf3 Nf5+ 42. Kd3 c5 43. dxc5 bxc5 44. Kc3 Nd4 45. Rf7 Kc6 46. b4
Rh3+ 47. Rd3 cxb4+ 48. Kd2 Nb3+ 49. Kc2 Rxd3 50. Kxd3 a5 51. Rf8 a4 52. Ke2 Kb7
53. Rd8 Nc5 54. Rh8 Ne4 55. Ke3 Nxf2 56. Kf3 a3 0-1

[Event "Nakhchivan Open 2016"]
[Site "Nakhchivan AZE"]
[Date "2016.05.14"]
[Round "5.23"]
[White "Fataliyeva, Ulviyya"]
[Black "Idrisov, Tabriz"]
[Result "0-1"]
[WhiteTitle "WIM"]
[WhiteElo "2301"]
[BlackElo "2273"]
[WhiteFideId "13403052"]
[BlackFideId "13402870"]
[EventDate "2016.05.10"]

1. e4 d6 2. d4 g6 3. Nc3 Bg7 4. Be3 c6 5. Be2 b5 6. a3 a6 7. f4 Nf6 8. e5 Nd5 9.
Nxd5 cxd5 10. Bf3 e6 11. Qd2 Nc6 12. Ne2 a5 13. Nc3 Ba6 14. Be2 Qb6 15. a4 bxa4
16. Nxa4 Qc7 17. Ra3 O-O 18. O-O Bxe2 19. Qxe2 f6 20. exd6 Qxd6 21. c4 dxc4 22.
Qxc4 f5 23. Rd1 Nb4 24. Nc5 Rfe8 25. Bf2 Nd5 26. g3 h5 27. Rda1 Nb6 28. Qd3 h4
29. gxh4 Nd5 30. Qc4 Nxf4 31. Rf3 Nd5 32. Nb7 Qa6 33. Qxa6 Rxa6 34. Rxa5 Rb6 35.
Nc5 Kf7 36. b3 Rb4 37. Ra4 Reb8 38. Ra7+ Ne7 39. Nxe6 Bf6 40. Ng5+ Kg8 41. Rd7
R4b7 42. Rd6 Rb6 43. Re6 Bxg5 44. Rxb6 Rxb6 45. hxg5 Nd5 46. Bg3 Rc6 47. Be5 Kf7
48. Rf1 Rc3 49. Rb1 Nb4 50. Bf6 f4 51. Kf2 Nd5 52. Be5 Ke6 53. Rb2 Kf5 54. b4
Ne3 55. b5 0-1

[Event "Nakhchivan Open 2016"]
[Site "Nakhchivan AZE"]
[Date "2016.05.14"]
[Round "5.24"]
[White "Ahmadzada, Ahmad"]
[Black "Zarinfam, Arsalan"]
[Result "1/2-1/2"]
[WhiteTitle "CM"]
[BlackTitle "FM"]
[WhiteElo "2207"]
[BlackElo "2301"]
[WhiteFideId "13413007"]
[BlackFideId "12504262"]
[EventDate "2016.05.10"]

1. e4 c5 2. Nf3 d6 3. d4 cxd4 4. Nxd4 Nf6 5. Nc3 g6 6. Be3 Bg7 7. f3 Nc6 8. Bc4
O-O 9. Qd2 Nd7 10. O-O-O Nb6 11. Bb3 Na5 12. Qd3 Bd7 13. h4 Rc8 14. h5 Nbc4 15.
hxg6 fxg6 16. Bg5 Nxb3+ 17. cxb3 Ne5 18. Qd2 Nf7 19. Be3 b5 20. Kb1 Rb8 21. g4
e6 22. g5 b4 23. Qh2 Nxg5 24. Bxg5 Qxg5 25. Qxh7+ Kf7 26. Rdg1 Qf6 27. e5 Qxe5
28. Qxg6+ Kg8 29. Qh7+ Kf7 30. Qg6+ Kg8 31. Rh7 Rf7 32. Rh8+ Kxh8 33. Qxf7 Bh6
34. Qxd7 Qxd4 35. Rh1 Qe3 36. Qxd6 Rg8 37. Qh2 Rg6 38. Qe2 Qc5 39. Ne4 1/2-1/2

[Event "Nakhchivan Open 2016"]
[Site "Nakhchivan AZE"]
[Date "2016.05.15"]
[Round "6.1"]
[White "Mirzoev, Azer"]
[Black "Safarli, Eltaj"]
[Result "0-1"]
[WhiteTitle "GM"]
[BlackTitle "GM"]
[WhiteElo "2510"]
[BlackElo "2664"]
[WhiteFideId "13400304"]
[BlackFideId "13402129"]
[EventDate "2016.05.10"]

1. d4 Nf6 2. c4 g6 3. Nc3 d5 4. Nf3 Bg7 5. Bg5 Ne4 6. Bh4 Nxc3 7. bxc3 dxc4 8.
Qa4+ c6 9. Qxc4 Qa5 10. e3 Be6 11. Qb4 Qxb4 12. cxb4 a5 13. b5 c5 14. Rc1 Nd7
15. Bc4 Bxc4 16. Rxc4 cxd4 17. Nxd4 O-O 18. Ke2 Nb6 19. Rc7 Bxd4 20. exd4 Nd5
21. Rxb7 Rfc8 22. Ra1 a4 23. a3 Rab8 24. Rxb8 Rxb8 25. Kd3 Rxb5 26. Kc4 Ra5 27.
Rb1 e6 28. Bg3 g5 29. h4 gxh4 30. Bxh4 Ra8 31. Rb5 f5 32. Kc5 Kf7 33. Kd6 Nf4
34. Bg3 Rd8+ 35. Kc5 Rc8+ 36. Kd6 Rc4 37. Rb7+ Kf6 38. d5 exd5 39. Bxf4 Rxf4 40.
f3 Rd4 41. Kc5 Rd2 42. Ra7 Ke5 43. g3 Rc2+ 44. Kb4 Rc4+ 45. Kb5 h5 46. Re7+ Kf6
47. Rh7 Rc3 48. Rxh5 Rxa3 49. g4 Rxf3 50. Kxa4 fxg4 51. Rxd5 g3 0-1

[Event "Nakhchivan Open 2016"]
[Site "Nakhchivan AZE"]
[Date "2016.05.15"]
[Round "6.2"]
[White "Kuzubov, Yuriy"]
[Black "Pavlov, Sergey2"]
[Result "1-0"]
[WhiteTitle "GM"]
[BlackTitle "IM"]
[WhiteElo "2632"]
[BlackElo "2452"]
[WhiteFideId "14112906"]
[BlackFideId "14114330"]
[EventDate "2016.05.10"]

1. d4 Nf6 2. c4 e6 3. Nc3 Bb4 4. e3 O-O 5. Ne2 Re8 6. a3 Bf8 7. d5 a5 8. Ng3 Na6
9. Be2 Nc5 10. O-O a4 11. Rb1 exd5 12. cxd5 c6 13. Bf3 Ra6 14. e4 cxd5 15. exd5
d6 16. Bg5 Bd7 17. Nge4 Ncxe4 18. Nxe4 Be7 19. Nc3 h6 20. Be3 Nh7 21. Be2 Ra8
22. Bd3 Bg5 23. Bd4 Bf6 24. Rc1 Bxd4 25. Bxh7+ Kxh7 26. Qxd4 Qg5 27. h4 Qg6 28.
Rfe1 Rac8 29. Qf4 Bh3 30. Qf3 Bg4 31. Qg3 Bd7 32. Qxg6+ Kxg6 33. Rxe8 Rxe8 34.
f3 f5 35. Kf2 Rc8 36. Ke3 Kf6 37. Kd4 Rc5 38. Na2 b6 39. Nc3 Kg6 40. g3 Kf6 41.
Ke3 Be8 42. Rd1 b5 43. Rd4 Bd7 44. Rb4 Ke5 45. Rd4 Kf6 46. Kd2 Ke5 47. Kd3 Kf6
48. Ne2 Ke5 49. Nc3 Kf6 50. Nd1 Ke5 51. f4+ Kf6 52. Kd2 Kg6 53. Ne3 Kh5 54. Rd3
g5 55. hxg5 hxg5 56. Rd4 Rc8 57. fxg5 Kxg5 58. Rh4 Kg6 59. Ng2 Rg8 60. Nf4+ Kf7
61. Rh7+ Rg7 62. Rh3 Kg8 63. Rh6 Rxg3 64. Rxd6 Be8 65. Rf6 Bd7 66. Nd3 Kg7 67.
Rb6 Be8 68. d6 Kf8 69. Rb8 Kf7 70. Ne5+ Ke6 71. Rxe8+ Kxd6 72. Nd3 Kd5 1-0

[Event "Nakhchivan Open 2016"]
[Site "Nakhchivan AZE"]
[Date "2016.05.15"]
[Round "6.4"]
[White "Alekseev, Evgeny"]
[Black "Rasulov, Vugar"]
[Result "1-0"]
[WhiteTitle "GM"]
[BlackTitle "GM"]
[WhiteElo "2633"]
[BlackElo "2486"]
[WhiteFideId "4138147"]
[BlackFideId "13402390"]
[EventDate "2016.05.10"]

1. e4 e6 2. d4 d5 3. Nc3 dxe4 4. Nxe4 Nd7 5. Nf3 Ngf6 6. Bd3 c5 7. O-O Nxe4 8.
Bxe4 Nf6 9. Bg5 cxd4 10. Nxd4 Be7 11. Bf3 O-O 12. Qd3 h6 13. Bf4 Qb6 14. Rad1
Rd8 15. Qb3 Nd5 16. Be5 Bf6 17. Rfe1 Bxe5 18. Rxe5 Qc7 19. Ree1 a6 20. Nf5 Nf6
21. Rxd8+ Qxd8 22. Rd1 Bd7 23. Nd6 Rb8 24. Qc3 b6 25. Ne4 Nxe4 26. Bxe4 Qe8 27.
Qc7 Bb5 28. Bb7 Bc4 29. Rd6 Bxa2 30. Bxa6 Bd5 31. c4 Be4 32. h3 Kh7 33. Rxb6 Ra8
34. Qe5 Bf5 35. Bb5 Qd8 36. Rd6 Qb8 37. Kh2 Bg6 38. Qg3 Ra2 39. Rd2 Qa7 40. Qe5
Ra1 41. b3 Rf1 42. c5 f6 43. Qd6 Rc1 44. Bc4 h5 45. h4 Bf5 46. Rd1 Rc2 47. Kg1
Qa2 48. Rf1 Rd2 49. Qf4 Qc2 50. c6 e5 51. Qe3 Rd1 52. Rxd1 Qxd1+ 53. Kh2 Qd6 54.
Qc3 e4+ 55. Kg1 Bc8 56. Be2 f5 57. b4 f4 58. b5 f3 59. gxf3 Qg6+ 60. Kf1 exf3
61. Qxf3 Bg4 62. Qd3 Bf5 63. Qg3 Qf6 1-0

[Event "Nakhchivan Open 2016"]
[Site "Nakhchivan AZE"]
[Date "2016.05.15"]
[Round "6.5"]
[White "Enkhtuul, Altan-Ulzii"]
[Black "Tiviakov, Sergei"]
[Result "0-1"]
[WhiteTitle "WGM"]
[BlackTitle "GM"]
[WhiteElo "2208"]
[BlackElo "2591"]
[WhiteFideId "4901444"]
[BlackFideId "1008013"]
[EventDate "2016.05.10"]

1. d4 Nf6 2. Nf3 e6 3. c4 b6 4. g3 Bb7 5. Bg2 Be7 6. O-O O-O 7. Nc3 Na6 8. a3
Ne4 9. Nxe4 Bxe4 10. Qa4 Qc8 11. Ne5 Bxg2 12. Kxg2 Qb7+ 13. Kg1 c6 14. Be3 Rfc8
15. b4 b5 16. Qb3 d6 17. Nd3 bxc4 18. Qxc4 Nc7 19. Rfc1 Nd5 20. Bd2 Bf6 21. e3
h5 22. a4 h4 23. a5 Be7 24. Ra2 a6 25. Rac2 Nf6 26. f3 hxg3 27. hxg3 c5 28. dxc5
Qxf3 29. Qf4 Qd5 30. Qd4 Qg5 31. Kg2 dxc5 32. Nxc5 Rd8 33. Qf4 Qg6 34. Qf3 Rac8
35. Be1 Ng4 36. Bf2 Bxc5 37. bxc5 Ne5 38. Qb7 Nd3 39. Rd1 Ne1+ 40. Rxe1 Qxc2 41.
Qxa6 Qe4+ 42. Kg1 Rxc5 43. Qb6 Rdc8 44. Rd1 Rh5 45. Rd8+ Kh7 46. Kf1 Rh1+ 47.
Ke2 Qg4+ 0-1

[Event "Nakhchivan Open 2016"]
[Site "Nakhchivan AZE"]
[Date "2016.05.15"]
[Round "6.6"]
[White "Iskandarov, Misratdin"]
[Black "Abasov, Nijat"]
[Result "1-0"]
[WhiteTitle "IM"]
[BlackTitle "GM"]
[WhiteElo "2419"]
[BlackElo "2571"]
[WhiteFideId "13400312"]
[BlackFideId "13402960"]
[EventDate "2016.05.10"]

1. e4 c5 2. Nf3 e6 3. b3 b6 4. Bb2 Bb7 5. Bd3 Nc6 6. a3 Nge7 7. O-O Ng6 8. Re1
f6 9. Bf1 Bd6 10. c3 Nce5 11. Nxe5 fxe5 12. d3 O-O 13. Bc1 Qf6 14. Ra2 Bc7 15.
Qg4 d5 16. g3 h6 17. h4 Rf7 18. Bh3 Nf8 19. c4 Rd8 20. Nc3 dxc4 21. dxc4 Rfd7
22. Rae2 Bc6 23. Re3 Rf7 24. Rf1 a6 25. Qe2 Rd4 26. Bb2 Qd8 27. Nb1 Rdd7 28. a4
Rf6 29. Bc3 Ng6 30. h5 Nh8 31. Nd2 Nf7 32. Nf3 a5 33. Bg2 Qa8 34. Nh2 Rd6 35. f3
Qd8 36. Ng4 Rd7 37. f4 Rxf4 38. gxf4 exf4 39. Ref3 e5 40. Nf2 Qh4 41. Rh3 Qf6
42. Rd3 Re7 43. Bh3 Ng5 44. Bf5 1-0

[Event "Nakhchivan Open 2016"]
[Site "Nakhchivan AZE"]
[Date "2016.05.15"]
[Round "6.7"]
[White "Sevdimaliyev, Urfan"]
[Black "Burmakin, Vladimir"]
[Result "0-1"]
[WhiteTitle "GM"]
[BlackTitle "GM"]
[WhiteElo "2400"]
[BlackElo "2554"]
[WhiteFideId "13402463"]
[BlackFideId "4105109"]
[EventDate "2016.05.10"]

1. e4 c6 2. d4 d5 3. Nc3 g6 4. h3 Bg7 5. Nf3 dxe4 6. Nxe4 Nd7 7. Bc4 Ngf6 8.
Nxf6+ Nxf6 9. O-O O-O 10. Re1 Bf5 11. Bd3 Bxd3 12. Qxd3 e6 13. Bf4 Qb6 14. Qb3
Rfd8 15. c3 Rd5 16. Re2 Qa6 17. Qc2 c5 18. Be5 cxd4 19. Bxd4 Rc8 20. a3 Rcd8 21.
Rae1 Qc6 22. Ne5 Qc7 23. Qa4 Nd7 24. Nf3 Nb6 25. Qb3 Qc4 26. Qxc4 Nxc4 27. Bxg7
Kxg7 28. Ne5 Nd2 29. Re3 g5 30. c4 Rd4 31. b3 h6 32. Rc1 Ne4 33. b4 f5 34. c5
Kf6 35. Nf3 Rd1+ 36. Re1 R1d3 37. a4 Ra3 38. Ra1 Rxa1 39. Rxa1 a5 40. bxa5 Nxc5
41. Rb1 Rd5 42. Rb4 Rd1+ 43. Kh2 Ra1 44. Rb5 Ne4 45. Rxb7 Nxf2 46. g3 Rxa4 47.
Rh7 g4 48. Kg2 Ra2 49. Nh4 gxh3+ 0-1

[Event "Nakhchivan Open 2016"]
[Site "Nakhchivan AZE"]
[Date "2016.05.15"]
[Round "6.8"]
[White "Malakhatko, Vadim"]
[Black "Asadli, Vugar"]
[Result "1-0"]
[WhiteTitle "GM"]
[BlackTitle "FM"]
[WhiteElo "2501"]
[BlackElo "2397"]
[WhiteFideId "14104202"]
[BlackFideId "13405764"]
[EventDate "2016.05.10"]

1. c4 g6 2. Nc3 Bg7 3. g3 d6 4. Bg2 Nd7 5. e3 e5 6. Nge2 Ne7 7. O-O O-O 8. d3 a5
9. b3 f5 10. Bb2 Nf6 11. Qd2 g5 12. f4 gxf4 13. exf4 Ng6 14. Rae1 c6 15. Kh1 Qc7
16. Nd1 Ng4 17. h3 Nf6 18. Ne3 Nh5 19. Rf3 Bd7 20. Ref1 Rae8 21. fxe5 Nxe5 22.
Bxe5 Rxe5 23. Nf4 Nf6 24. Nc2 Rfe8 25. R3f2 Bc8 26. Qd1 Bh6 27. d4 R5e7 28. d5
Ne4 29. Bxe4 Rxe4 30. Nd4 Bxf4 31. Rxf4 Qg7 32. Nxf5 Bxf5 33. Rxf5 Re2 34. dxc6
bxc6 35. Qxd6 Rxa2 36. Qxc6 Rb8 37. Qd5+ Kh8 38. Rf7 Qb2 39. Rf8+ Rxf8 40. Rxf8+
Kg7 41. Rf7+ Kg6 42. Qf5+ Kh6 43. Rxh7# 1-0

[Event "Nakhchivan Open 2016"]
[Site "Nakhchivan AZE"]
[Date "2016.05.15"]
[Round "6.9"]
[White "Noroozi, Omid"]
[Black "Naghdiyev, Niyazi"]
[Result "1/2-1/2"]
[WhiteTitle "IM"]
[BlackTitle "FM"]
[WhiteElo "2391"]
[BlackElo "2351"]
[WhiteFideId "12501190"]
[BlackFideId "13405519"]
[EventDate "2016.05.10"]

1. e4 c6 2. d4 d5 3. exd5 cxd5 4. c4 Nf6 5. Nc3 Nc6 6. Bg5 Be6 7. a3 g6 8. Nge2
Bg7 9. Nf4 Ne4 10. Nxe6 fxe6 11. Be3 Qa5 12. Rc1 Rd8 13. cxd5 Nxc3 14. bxc3 exd5
15. a4 O-O 16. Be2 e5 17. O-O Qc7 18. h4 Na5 19. h5 gxh5 20. dxe5 Bxe5 21. Bxh5
Kh8 22. Qg4 Nc4 23. Bg5 Rd7 24. Rce1 Rg7 25. Qh4 Qd6 26. Kh1 Rc7 27. f4 Bf6 28.
Rf3 Bxg5 29. fxg5 Rcc8 30. Qd4+ Kg8 31. Bg4 Rfe8 32. Ref1 Rcd8 33. Bh5 Re5 34.
Bf7+ Kh8 35. g6 Qb6 36. Qh4 h5 37. Rf5 Kg7 38. Rxe5 Nxe5 39. Qe7 Qd6 40. Qh4 Ng4
41. Qh3 Qe5 42. Qh4 Rc8 43. a5 a6 44. Kg1 Rxc3 45. Bxd5 Qxd5 46. Qe7+ Kxg6 47.
Qe8+ Kg7 48. Qf8+ Kg6 49. Qe8+ Kg5 50. Qe7+ Kh6 51. Qf8+ Kg6 52. Qe8+ 1/2-1/2

[Event "Nakhchivan Open 2016"]
[Site "Nakhchivan AZE"]
[Date "2016.05.15"]
[Round "6.10"]
[White "Beradze, Irakli"]
[Black "Emiroglu, Cankut"]
[Result "1-0"]
[BlackTitle "FM"]
[WhiteElo "2425"]
[BlackElo "2302"]
[WhiteFideId "13604597"]
[BlackFideId "6306659"]
[EventDate "2016.05.10"]

1. d4 Nf6 2. c4 e6 3. Nf3 Bb4+ 4. Bd2 a5 5. Nc3 b6 6. e3 Bxc3 7. Bxc3 Ne4 8. Rc1
d6 9. Bd3 Bb7 10. b3 Nxc3 11. Rxc3 Nd7 12. O-O O-O 13. e4 e5 14. Bc2 Qe7 15. d5
Bc8 16. Nd2 g6 17. Rg3 Kg7 18. f4 exf4 19. Rxf4 Qe5 20. Rf2 Qd4 21. Rd3 Qb2 22.
Bb1 Ne5 23. Nf3 Nxf3+ 24. gxf3 Qa1 25. Qc1 Qf6 26. f4 Bd7 27. Re3 Rae8 28. e5
Qh4 29. Qc3 Kg8 30. Qe1 Re7 31. Rf1 Qh5 32. Qg3 Rfe8 33. Rfe1 Bf5 34. Bxf5 Qxf5
35. h3 h5 36. h4 Kh7 37. Qg5 Qxg5+ 38. hxg5 Rd7 39. Kg2 Kg7 40. Kf3 Rde7 41.
R3e2 Kf8 42. Re4 Rc8 43. R1e3 Rce8 44. Ke2 Ra8 45. Kd3 Rae8 46. Kd4 Rc8 47. a3
Ra8 48. Re1 Ra7 49. R4e3 Ra8 50. Rf1 Rae8 51. Rf2 Rd8 52. Rfe2 Ra8 53. Ra2 Rd8
54. b4 Ra8 55. Ree2 Ree8 56. c5 axb4 57. axb4 bxc5+ 58. bxc5 h4 59. exd6 cxd6
60. Rxe8+ Rxe8 61. cxd6 Rd8 62. Ke5 Re8+ 63. Kf6 Re4 64. d7 Rxf4+ 65. Ke5 Rf5+
66. Kd6 1-0

[Event "Nakhchivan Open 2016"]
[Site "Nakhchivan AZE"]
[Date "2016.05.15"]
[Round "6.11"]
[White "Bayramov, Zaur"]
[Black "Bashirli, Nail"]
[Result "0-1"]
[BlackTitle "FM"]
[WhiteElo "2241"]
[BlackElo "2384"]
[WhiteFideId "13405080"]
[BlackFideId "13406809"]
[EventDate "2016.05.10"]

1. e4 c5 2. Nf3 d6 3. Bb5+ Bd7 4. Bxd7+ Nxd7 5. O-O Ngf6 6. Nc3 g6 7. a3 Bg7 8.
b4 O-O 9. Re1 a6 10. Rb1 b5 11. d3 Ng4 12. Bd2 Rc8 13. Ne2 e6 14. h3 Nge5 15.
Nxe5 dxe5 16. Be3 Qc7 17. c3 Rfd8 18. Qc2 Bf8 19. Red1 Nb6 20. f3 Rd7 21. Rd2
Qd8 22. Qd1 Be7 23. g3 Bg5 24. f4 exf4 25. gxf4 Be7 26. bxc5 Bxc5 27. d4 Nc4 28.
Bf2 f5 29. e5 Nxd2 30. Qxd2 Be7 31. a4 Rb7 32. axb5 axb5 33. Qa2 Kf7 34. c4 Rxc4
35. Rxb5 Rxb5 36. Qxc4 Rb1+ 37. Kg2 Qa8+ 38. Kg3 Qe4 0-1

[Event "Nakhchivan Open 2016"]
[Site "Nakhchivan AZE"]
[Date "2016.05.15"]
[Round "6.12"]
[White "Gasimov, Parviz"]
[Black "Hojjatova, Aydan"]
[Result "0-1"]
[WhiteTitle "FM"]
[BlackTitle "WFM"]
[WhiteElo "2375"]
[BlackElo "2300"]
[WhiteFideId "13408798"]
[BlackFideId "13401491"]
[EventDate "2016.05.10"]

1. e4 e6 2. d4 d5 3. Nd2 c5 4. c3 cxd4 5. cxd4 dxe4 6. Nxe4 Nf6 7. Nc3 Nc6 8.
Nf3 Be7 9. Bd3 O-O 10. O-O Qa5 11. a3 Rd8 12. Be3 a6 13. b4 Qc7 14. Rc1 Bd7 15.
Bb1 Rac8 16. Qc2 g6 17. Ba2 Qb8 18. Rfd1 a5 19. b5 Nb4 20. Qb2 Nxa2 21. Qxa2 Qd6
22. Bg5 Nd5 23. Bxe7 Nxc3 24. Rxc3 Qxe7 25. Rxc8 Rxc8 26. Qb3 Qd6 27. Ne5 Be8
28. a4 Kg7 29. Ng4 h5 30. Ne3 Qb4 31. Qxb4 axb4 32. Rb1 b3 33. Rxb3 Rc1+ 34. Nf1
Rc4 35. a5 Rxd4 36. a6 bxa6 37. bxa6 Ra4 38. Rb6 Bd7 39. f3 Bc8 40. Rb2 Bxa6 41.
Nd2 g5 42. Kf2 Kg6 43. Ne4 Ra1 44. Nd2 Ra3 45. Nb1 Ra1 46. Nd2 Rd1 47. Ra2 Bb7
48. Ke2 Rg1 49. Kf2 Rc1 50. Nf1 f5 51. h3 Bd5 52. Rb2 Ra1 53. Nd2 Kf6 54. Nf1
Ke5 55. Ng3 h4 56. Ne2 Bc4 57. Rc2 Bd5 58. Rb2 Ra3 59. Rc2 Rb3 60. Rd2 Bc4 61.
Rc2 Kd5 62. Rd2+ Kc5 63. Nd4 Rb1 64. Ne2 e5 65. Rc2 Kb4 66. Nc1 Ra1 67. g3 Ra3
68. gxh4 gxh4 69. Rd2 e4 70. fxe4 fxe4 71. Rd4 e3+ 72. Kf3 Kc5 73. Rxh4 e2+ 74.
Kf2 Rf3+ 0-1

[Event "Nakhchivan Open 2016"]
[Site "Nakhchivan AZE"]
[Date "2016.05.15"]
[Round "6.13"]
[White "Mammadova, Gulnar"]
[Black "Kazimova, Narmin"]
[Result "0-1"]
[WhiteTitle "WGM"]
[BlackTitle "WGM"]
[WhiteElo "2319"]
[BlackElo "2364"]
[WhiteFideId "13403508"]
[BlackFideId "13402951"]
[EventDate "2016.05.10"]

1. e4 e5 2. Nf3 Nc6 3. Bb5 a6 4. Ba4 d6 5. O-O Nf6 6. Re1 Bd7 7. c3 Be7 8. h3
O-O 9. d4 b5 10. Bb3 Qb8 11. Nbd2 Qb7 12. Nf1 Rad8 13. Qe2 Rde8 14. Ng3 Bd8 15.
d5 Na5 16. Bc2 c6 17. dxc6 Qxc6 18. Nh4 d5 19. Bg5 Nc4 20. Bxf6 Qxf6 21. Nhf5 g6
22. Ne3 Nxe3 23. fxe3 Qh4 24. Kh2 Bc7 25. Rad1 d4 26. Qf2 f5 27. Nh1 Qg5 28. Qg3
Qxg3+ 29. Nxg3 f4 30. exf4 Rxf4 31. Bb3+ Be6 32. Bxe6+ Rxe6 33. cxd4 exd4 34.
Rxd4 Rf2 35. Rd7 Be5 36. Rc1 Re8 37. Rc6 a5 38. Rc5 Rxb2 39. Rdd5 Bf4 40. Rxb5
Rxb5 41. Rxb5 Rxe4 42. Rb3 Ra4 43. Rf3 g5 44. Kg1 Rxa2 45. Nh5 Be5 46. Nf6+ Kg7
47. Ne4 Kg6 48. Nc3 Ra3 49. Nb5 Rxf3 50. gxf3 Kh5 51. Na3 a4 52. Kg2 Bb2 53. Nc2
a3 54. f4 gxf4 55. Kf3 Bc1 56. Nxa3 Bxa3 57. Kxf4 Kh4 0-1

[Event "Nakhchivan Open 2016"]
[Site "Nakhchivan AZE"]
[Date "2016.05.15"]
[Round "6.14"]
[White "Pirverdiyev, Agil"]
[Black "Sevgi, Volkan"]
[Result "1/2-1/2"]
[BlackTitle "FM"]
[WhiteElo "2355"]
[BlackElo "2210"]
[WhiteFideId "13400568"]
[BlackFideId "6325335"]
[EventDate "2016.05.10"]

1. e4 c5 2. Nf3 Nc6 3. Bb5 g6 4. Bxc6 dxc6 5. d3 Bg7 6. h3 e5 7. Nbd2 Be6 8. b3
f6 9. O-O Ne7 10. Nc4 b6 11. Be3 O-O 12. Qd2 Bxc4 13. bxc4 f5 14. Bh6 fxe4 15.
Bxg7 Kxg7 16. Ng5 Qd6 17. Nxe4 Qd4 18. Rae1 Rae8 19. Ng5 Nf5 20. Re4 Qb2 21.
Rfe1 Re7 22. h4 Nd6 23. Rg4 h5 24. Rg3 Nf5 25. Rf3 Qd4 26. Ne4 Qd8 27. Rh3 Nd4
28. Rg3 Rf4 29. Rg5 Nf5 30. Qd1 Rxh4 31. g3 Rxe4 32. Rxe4 Kf6 33. Rxf5+ Kxf5 34.
g4+ Ke6 35. gxh5 gxh5 36. Qxh5 Kd6 37. Kf1 Qe8 38. Qg5 Qf7 39. Ke2 Qg7 40. Qf5
Rf7 41. Rg4 Qf8 42. Rg6+ Kc7 43. Qxe5+ Kb7 44. Kd1 Rxf2 45. Kc1 1/2-1/2

[Event "Nakhchivan Open 2016"]
[Site "Nakhchivan AZE"]
[Date "2016.05.15"]
[Round "6.15"]
[White "Karayev, Kanan"]
[Black "Muradli, Mahammad"]
[Result "1-0"]
[WhiteTitle "CM"]
[BlackTitle "FM"]
[WhiteElo "2216"]
[BlackElo "2352"]
[WhiteFideId "13406671"]
[BlackFideId "13409301"]
[EventDate "2016.05.10"]

1. e4 c5 2. Nc3 d6 3. d4 cxd4 4. Qxd4 Nc6 5. Bb5 Bd7 6. Bxc6 bxc6 7. b3 e5 8.
Qd3 Be7 9. Nge2 Qa5 10. O-O h6 11. f4 Nf6 12. Kh1 Bc8 13. Nd1 Ba6 14. c4 exf4
15. Bxf4 d5 16. exd5 cxd5 17. Ne3 Rd8 18. Nd4 dxc4 19. bxc4 Qa3 20. Qxa3 Bxa3
21. Nc6 Ra8 22. Be5 Kf8 23. Nf5 Ne8 24. Bd4 Bxc4 25. Rf3 Bd5 26. Rxa3 Bxc6 27.
Bxa7 Bb7 28. Rb1 Be4 29. Bc5+ Kg8 30. Rxa8 Bxb1 31. Nd6 Kh7 32. Nxe8 Be4 33. Rc8
Bb7 34. Rc7 Bd5 35. Nxg7 Rg8 36. Bd4 Rd8 37. Nh5 Bxa2 38. Bg1 Kg6 39. Nf4+ Kg5
40. Nh3+ Kf6 41. Rc6+ Kg7 42. Nf4 Rd1 43. h4 Rf1 44. Nh5+ Kh7 45. Kh2 Rf5 46.
Nf6+ Kg7 47. Bd4 Be6 48. Nd7+ 1-0